01283nam a2200313 a 4500001001000000003000500010005001700015008004100032010001100073011001100084040000900095090001000104100004200114245016600156260004100322500006000363502013500423590004100558590004000599590004000639650003300679650003100712856007000743901000700813942001000820942000600830999001900836952011400855000116078CHAP20220329144600.0190904s2019 mx a |sm |||||||spa d a112539 a113511 cCHAP aTesis1 aBolaños Sánchez, Claudia.913680410aIntercepción de lluvía por dosel en pino (Pinus hartwegii) y oyamel (Abies religiosa) mediante nube de puntosh[En línea]cpor Claudia Bolaños Sánchez. aChapingo, Méx. :bEl autor,c2019. aPara ver el contenido del material haga clic en la liga aTesis (M. en Ingeniería Agrícola y uso Integral del Agua) -- UACH. Posgrado en Ingeniería Agrícola y Uso Integral del Agua aBATCH-UPDb05c20190904lUCH01h1430 aE6339RRRb05c20190904lUCH01h1429 aE6339RRRb05c20190904lUCH01h142914aCiclo hidrológico.913101914aLluviaxMedición.967325 aFinding aiduhttp://10.13.5.2/tesis/sist116078.pdfzTeclea aquí aBK cTESIS n0 c112539d112539 00102local40718TESISaBCbBCd2019-09-04fTESISl0oTesisp116090-10r2019-12-31 00:00:00w2019-09-04yCD